| 000 | 00388nam a2200169Ia 4500 | ||
|---|---|---|---|
| 001 | 11442 | ||
| 008 | 140331s9999 xx 000 0 und d | ||
| 020 | _a0-06-017209-6 | ||
| 040 | _cPK-LaUMT | ||
| 082 |
_a 158 _bMOO-R |
||
| 100 | _aMoore, Thomas | ||
| 245 | 4 |
_aThe re-enchantment of everyday life _cMoore, Thomas |
|
| 260 | _c1996 | ||
| 300 | _a396 p. | ||
| 546 | _aEN | ||
| 942 | _cBK | ||
| 999 |
_c12326 _d12326 |
||